000 00445nam a2200205Ia 4500
001 12885
003 GE_BSU
008 181216s||||||||xx |||||||||||||| ||und||
020 _a0007176236
040 _cGE_BSU
080 _a821.111-32
100 _aEvanovich,Janet.
245 _aMetro Girl.
260 _aLondon.
260 _bHarper Collins Publishers.
260 _c2004
300 _a392p;18cm.
653 _aMetro Girl.
942 _cBK
999 _c46055
_d46055